Guess The Drink! #1 - Statistics

General Stats
  • This quiz has been taken 98 times
    96 since last reset
  • The average score is 22 of 40
Answer Stats
Picture Answer % Correct
Pepsi
99%
Coca Cola
92%
Fanta
92%
Sprite
91%
Monster
85%
Starbucks
74%
Dr Pepper
73%
Corona
69%
Red Bull
68%
7 Up
67%
Minute Maid
67%
Gatorade
65%
Heineken
63%
Mountain Dew
63%
Nestle
63%
Bud Light
62%
Lipton
60%
Nescafe
54%
Nesquik
54%
Aquafina
50%
Folgers
50%
Sunkist
50%
Kool Aid
49%
Crush
47%
Dasani
47%
Tropicana
46%
Arizona
45%
Canada Dry
44%
Budweiser
42%
Schweppes
41%
Perrier
40%
Guinness
38%
Rockstar
38%
Jack Daniels
35%
Snapple
32%
Del Monte
29%
Danone
28%
Powerade
27%
V
21%
Pepsico
18%
No matching quizzes found
Score Distribution
Percent of People with Each Score
Percentile by Number Answered
Your Score History
You have not taken this quiz since the last reset